000 00967nam a22001337a 4500
040 _cRUA
082 _aAVM CHE 2010 B096 Or.1
100 _aCHEA, VICHET.
245 _aEffect of fresh water spinach and red earth worm supplementation in CP concentrate on growth rate of avian broiler chicken at royal university of agriculture, ប្រសិទ្ធភាពនៃការបន្ថែមត្រកូនស្រស់​ និង​ជន្លេនក្រហម​ស្រស់ទៅលើចំណីCPសំរាប់ការលូតលាស់របស់មាន់សាច់ពូជAVIAN នៅក្នុងស្ថានីយពិសោធន៍សត្វ នៃសាកលវិទ្យាល័យភូមិន្ទកសិកម្ម
260 _aPhnom Penh
_bRUA
_c2010
300 _axi; 46p.
_bill.
_c29cm.
856 _uhttps://drive.google.com/file/d/1iDG7DyWX214Ekm813ioVXVRFnwhBJyLF/view?usp=sharing
942 _cAVM
999 _c2457
_d2457